Getting Skills Right: Chile

Gespeichert in:
Bibliographische Detailangaben
Format: Buch
Sprache:Englisch
Veröffentlicht: Paris OECD 2018
Schriftenreihe:Getting Skills Right
Schlagworte:
Tags: Tag hinzufügen
Keine Tags, Fügen Sie das erste Tag hinzu!

MARC

LEADER 00000nam a2200000 4500
001 0250822
005 20221220065553.3
020 |a 978-92-64-29314-4 
041 0 |a eng 
044 |a FR 
245 1 0 |a Getting Skills Right: Chile 
264 1 |a Paris  |b OECD  |c 2018 
300 |a 63 s. 
490 1 |a Getting Skills Right 
830 0 |a Getting Skills Right 
610 2 0 |a zručnosti 
610 2 0 |a trh práce 
610 2 0 |a výskum 
610 2 0 |a kvalifikácia 
610 2 0 |a gramotnosť 
610 2 0 |a matematika 
610 2 0 |a ukazovatele 
610 2 0 |a Čile